[Event "Astrakhan FIDE GP"]
[Site "Astrakhan"]
[Date "2010.05.17"]
[Round "7"]
[White "Ponomariov, Ruslan"]
[Black "Gelfand, Boris"]
[Result "1/2-1/2"]
[WhiteElo "2733"]
[BlackElo "2741"]
[Annotator "Erenburg,S"]
[PlyCount "74"]
[EventDate "2010.05.10"]
[EventType "tourn"]
[EventRounds "13"]
[EventCountry "RUS"]
[EventCategory "20"]
[SourceTitle "CBM 137"]
[Source "ChessBase"]
[SourceDate "2010.07.15"]
[SourceVersion "1"]
[SourceVersionDate "2010.07.15"]
[SourceQuality "1"]

1. d4 d5 2. c4 c6 3. Nf3 Nf6 4. e3 Bf5 5. Nc3 e6 6. Nh4 Bg6 {The most solid
option. The following two continations lead to more complicated positions,
since they provoke White into playing f2-f3 at some point:} (6... Be4 7. f3 Bg6
8. Qb3 Qc7 9. Bd2 Be7 10. Nxg6 hxg6 11. O-O-O a6 12. c5 Nbd7 13. Na4 Rb8 14.
Bd3 Rxh2 15. g4 $13 {0-1 Wang Yue (2752)-Eljanov,P (2751)/Astrakhan RUS 2010/
The Week in Chess 810 (53)}) (6... Bg4 7. Qb3 Qc7 8. Bd2 Bh5 $5 9. Rc1 dxc4 10.
Bxc4 Be7 11. h3 Qb6 12. g3 Nbd7 13. O-O Nd5 14. Ng2 Bg6 15. f3 O-O 16. Ne2 a5
17. a3 Qa7 $1 18. Nef4 $6 (18. e4 $142) 18... Nxf4 19. Nxf4 e5 20. Nxg6 hxg6
21. dxe5 Nxe5 22. Be2 Rad8 23. Qc3 Rd5 $15 {1/2-1/2 Aronian,L (2781)-Vallejo
Pons,F (2705)/Linares ESP 2010/The Week in Chess 798 (48)}) 7. Nxg6 hxg6 {
In this variation, White gets the pair of bishops, but the position is closed
and Black does not have passive pieces. Typically White has some advantage in
endgames, due to his pair of bishops and Black's double g-pawns. On the other
hand, Black is usually fine in the middlegame and should exchange the
dark-squared bishops if possible.} 8. Bd2 Nbd7 9. cxd5 $5 {An interesting
decision. Normally, at some point Black takes the c4-pawn and then carries out
either the c6-c5 or the e6-e5 breakthrough. By taking Black's d5-pawn, White
forces his opponent to define his pawn structure right away.} exd5 {The
semi-open e-file and the pawns majority on the queenside provide Black with
some chances for counterplay, whereas after} (9... cxd5 {Black's position
becomes very passive and gives White a chance to improve his position
gradually without any risk.} 10. Bd3 a6 11. a4 Bd6 12. f4 O-O $2 {Another
illustration of how Black's position is unpleasant after 9...cxd5. Black can
not castle before White does, since Black's g6-pawn helps White to develop an
attack:} 13. g4 Ne8 14. g5 f6 15. h4 $18 {1-0 Iljushin,A (2558)-Medvedeva,A 
(1959)/Obninsk 2009/CBM 131 Extra (23)}) 10. Bd3 ({It may be too early to
define the position of the queen. In addition, it does not seem to do much on
f3 after} 10. Qf3 Bb4 11. Bd3 Qe7 12. O-O-O b5 13. Ne2 Bd6 14. Ng3 Rh4 15. Qe2
{admitting his mistake.} Nb6 16. Kb1 O-O-O 17. Nf1 Kb7 18. g3 Rhh8 $11 {
1/2-1/2 Martinovic,S (2445)-Pavlovic,M (2497)/Zlatibor 2006/EXT 2007}) (10. Qc2
Bd6 11. g3 {In my opinion, developing the light-squared bishop to the long
diagonal after Black has built the strong block consisting of the b7-c6-d5
pawns is a bad idea.} Qe7 12. Bg2 $6 O-O 13. O-O Rfe8 14. f3 c5 $1 $11 {
1/2-1/2 Shalimov,V (2393)-Lintchevski,D (2449)/St Petersburg 2007/CBM 116 ext 
(35)}) 10... Bd6 11. h3 {White still retains the option of castling to either
side.} ({White has also tried} 11. Rb1 {to create a pawn minority attack on
the queenside.} {However, after} Qe7 12. b4 O-O 13. b5 c5 {Black equalized.}
14. O-O $11 {1/2-1/2 Nyback,T (2587)-Akopian,V (2673)/Plovdiv 2008/CBM 124 (30)
}) 11... Qe7 12. Qc2 O-O {In the event of Black castling long, the semi-open
c-file would provide White with excellent chances for a successful attack.
Thus, Black has not much choice, but to castle short. It should be noticed
that once White's queen is moved away from the d1-h5 diagonal, it will take
White some time to create an attack on the kingside.} 13. O-O-O $146 {Quite a
logical novelty. Unambiguously, White is preparing attack on the kingside.} ({
White got nothing after} 13. O-O Rfe8 14. Rab1 Rac8 15. Qb3 Nf8 16. Rbe1 Ne6
$11 {1-0 Milanovic,D (2464)-Nadj Hedjesi,B (2378)/Subotica 2005/CBM 109 ext 
(35)}) 13... b5 $1 {Black had to start the counterplay on the queenside
immediately.} (13... c5 $6 {weakens the centre too much:} 14. g4 {[%cal Yg4g5]}
) 14. Kb1 {A prophylactic move. White moves away the king from the c-file and
prepares the c1-square for the rook.} ({Of course,} 14. e4 $2 {does not work
in view of} b4 15. e5 bxc3 16. Bxc3 Bxe5 17. dxe5 Nxe5 $17) 14... b4 {No time
to waste.} ({The preliminary} 14... Rfc8 {would allow White to carry out the
breakthrough in the centre:} 15. e4 b4 16. e5 bxc3 17. Bxc3 $14 {and now, with
White's king on b1, Black cannot win the pawn.}) 15. Na4 ({It is often the
case that White can move away his knight to e2, hoping to occupy the d4
outpost after Black plays ...c6-c5. However, in this particular position,
White's pieces (especially White's queen) are misplaced. So, after} 15. Ne2 $2
Rfc8 {[%cal Yc6c5] Black is better.}) 15... Rac8 {It does not really matter
which rook should be moved to c8.} 16. f3 {White is covering the e4-square and
preparing to carry out the e3-e4 breakthrough. As we see, Ponomariov does not
have time to start an attack on the kingside.} (16. Rc1 {was possible, but
allowed} Ne4 $5 (16... Qe6 $5) (16... a5 $5)) 16... c5 $1 17. dxc5 Nxc5 18.
Nxc5 Rxc5 $11 {With active play, Black has been able to solve all his opening
problems. Now only Gelfand can be better, since the isolated d5-pawn is not a
weakness, White's dark-squared bishop is misplaced and the e3-pawn is weak.}
19. Qb3 (19. Qa4 a5 20. Rc1 Nd7) 19... a5 20. Rc1 Nd7 $1 (20... Qa7 $5 21. Rxc5
Bxc5 22. Bb5 $1 $11) 21. e4 {Activating the dark-squared bishop.} ({When I was
watching the live transmission of this game, it took me a while to realise,
why White cannot win the pawn after} 21. Rxc5 $2 Nxc5 22. Qxd5 Rd8 23. Rc1 {
and then} Qf6 $3 $19 {[%cal Yc5a4,Gd6f8] was found, after which White can
suffers material losses.}) 21... dxe4 22. Bxe4 Rxc1+ 23. Rxc1 Nc5 24. Qd5 Nxe4
25. Qxe4 {White should trade queens, since his king is more vulnerable than
Black's one.} Qxe4+ 26. fxe4 Re8 27. Rc6 {Driving away the bishop from its
active position, and transfering the rook to a6.} (27. Rc4 f5 28. Rc6 Bf8 29.
Rxg6 Rxe4 $11) 27... Bf8 28. Ra6 (28. Rc4 f5) 28... Rxe4 29. Rxa5 Re2 30. Kc1
$6 {After this slightly inaccurate move, Black gets some chances to get an
advantage.} (30. Rd5 {was more precise.} Rxg2 (30... f5 31. g4 $11) 31. Rd8 Kh7
32. Rxf8 Rxd2 33. Rxf7 $11) 30... b3 $1 {This tactical resource allows Black
to get a slightly better endgame.} ({Of course not} 30... Rxg2 $2 31. Ra8 Rg1+
32. Kc2 Rg2 33. Kd3 Rg3+ 34. Ke2 Rg2+ 35. Ke3 $1 $16) 31. Ra8 (31. axb3 $4 Rxd2
) 31... bxa2 32. Rxa2 Bd6 $6 {This allows White to save the g-pawn.} (32...
Rxg2 33. Ra8) (32... f5 33. Ra8 Kf7 34. Ra7+ Ke6 35. Ra6+ $11) ({Black's only
chance to keep fighting was} 32... f6 $1 33. g4 (33. Ra8 Kf7 34. Ra7+ Ke6 35.
Ra8 Be7 36. g4 Rh2 37. Ra6+ Kf7 38. Ra7 Rxh3 39. Bb4 Re3 40. Kd2 Re5 41. Kd3
Ke8 $15) 33... Rh2 34. Ra8 (34. b4 Rxh3 35. b5 Rb3 $15) 34... Kf7 35. Ra7+ (35.
b4 Rxh3 36. b5 Bc5 $15) 35... Ke6 36. Ra6+ Kd5 37. Ra8 Bc5 $15) 33. g4 {
Now that Black does not get the pawn majority on the kingside, the game is
drawn immediately.} f5 (33... Rh2 34. Ra8+ Kh7 35. Ra7 f6 36. Rd7 $11 {[%cal
Yd7d3]}) 34. Ra6 Be5 35. Kd1 Rh2 36. Rxg6 fxg4 37. Rxg4 Bxb2 1/2-1/2

[Event "Biel GM"]
[Site "Biel"]
[Date "2004.07.19"]
[Round "1"]
[White "Sasikiran, Krishnan"]
[Black "Pelletier, Yannick"]
[Result "1-0"]
[WhiteElo "2666"]
[BlackElo "2597"]
[Annotator "Ftacnik,L"]
[PlyCount "81"]
[EventDate "2004.07.19"]
[EventType "tourn"]
[EventRounds "10"]
[EventCountry "SUI"]
[EventCategory "18"]
[SourceTitle "CBM 102"]
[Source "ChessBase"]
[SourceDate "2004.09.23"]
[SourceVersion "1"]
[SourceVersionDate "2004.09.23"]
[SourceQuality "1"]

1. d4 d5 2. c4 c6 3. Nf3 Nf6 4. e3 Bf5 5. Nc3 e6 6. Nh4 Bg6 7. Nxg6 hxg6 8. g3
Nbd7 9. Bg2 dxc4 10. Qe2 Rc8 (10... Nb6 11. O-O Be7 12. Rd1 Nfd5 (12... O-O 13.
e4 Re8 14. h4 Bf8 15. Bg5 Qc8 16. Bh3 Nfd7 17. Kg2 Qc7 18. h5 gxh5 19. Qxh5 c5
20. Rh1 g6 21. Qh4 Bg7 22. d5 exd5 23. Bxd7 Qxd7 24. Bf6 {1-0 Kunin,V-Drabke,L/
Griesheim 2004/ (24)}) 13. e4 Nb4 14. Be3 O-O 15. a3 Na6 16. d5 exd5 17. exd5
Qe8 18. Bxb6 axb6 19. Re1 Bf6 20. Qxc4 {1/2-1/2 Kramnik,V-Anand,V/Frankfurt
2000/ (39)}) (10... e5 11. O-O Qc7 (11... Be7 12. Rd1 exd4 13. Rxd4 O-O 14.
Qxc4 Qb6 15. Qe2 Rfe8 16. Rd1 Ne5 17. b3 g5 18. e4 Nh7 19. Be3 Qa5 20. Rac1 g4
21. h3 Bb4 {0-1 Golod,V-Najer,E/playchess.com INT 2004/ (39)}) 12. Qxc4 Bd6 13.
dxe5 Nxe5 14. Qe2 Qe7 15. f4 Ned7 16. Rb1 a5 17. Bd2 Bc7 18. a3 Nc5 19. e4 Nb3
20. Be3 {1-0 Hodgson,J-Ansell,S/Scarborough 2001/ (55)}) (10... Be7 11. O-O O-O
12. Rd1 (12. Qxc4 e5 13. Rd1 exd4 14. exd4 Nb6 15. Qb3 Qd7 16. a4 Nbd5 17. Bg5
Rad8 18. a5 Rfe8 19. Rac1 {1/2-1/2 Savchenko,S-Smirnov,P/Istanbul 2003/ (31)})
12... Qc7 13. Qxc4 e5 14. b4 (14. Qe2 exd4 15. Rxd4 Rad8 16. b3 Nb6 17. Rxd8
Rxd8 18. Bb2 Nbd5 19. e4 {1-0 Gagunashvili,M-Goloshchapov,A/Dubai 2003/ (46)})
14... Nb6 15. Qb3 exd4 16. exd4 Qd7 17. b5 Nbd5 18. Nxd5 Nxd5 19. bxc6 bxc6 20.
Bd2 Bf6 {1/2-1/2 Kramnik,V-Gelfand,B/Monte Carlo 2003/ (47)}) 11. a4 Qa5 (11...
Nb6 12. a5 Nbd5 13. Qxc4 Nb4 14. O-O $14) 12. Qxc4 b5 $6 {Pelletier is
grabbing the immediate initiative on the queenside, but in medium term he
significantly weakens the pawn structure.} (12... Bb4 13. Bd2 Nb6 14. Qb3 Rd8
$14) 13. Qe2 b4 (13... bxa4 14. Rxa4 $16) 14. Ne4 Nxe4 (14... c5 15. Qb5 Qxb5
16. axb5 cxd4 17. exd4 (17. Nxf6+ gxf6 18. exd4 Rc7 19. Be3 Bd6 20. d5 Rh5 $11)
17... Nd5 18. Bd2 Rc7 19. Ke2 N7b6 20. h4 $14) 15. Bxe4 c5 16. Qb5 $1 Qc7 (
16... Qxb5 17. axb5 cxd4 18. exd4 Bd6 19. Be3 Rc7 20. d5 exd5 21. Bxd5 Rh5 22.
Bc6 Be5 23. Ke2 Bxb2 24. Rxa7 $16) 17. a5 Rh5 (17... c4 18. Qb7 c3 19. Qxc7
Rxc7 20. bxc3 bxc3 21. Ke2 $14) 18. Bf3 Rf5 19. Be4 Rh5 20. Qa4 cxd4 (20... c4
21. Bf3 Rh7 22. a6 $14) 21. exd4 Qc4 22. Be3 b3 (22... Qb5 23. Qxb5 Rxb5 24. a6
$14) 23. Qxc4 Rxc4 24. Ke2 {Sasikiran's main argument is the "a" pawn. If
white could somehow manage to remove the black a7 one, his position would
become practiacally winning.} Bb4 (24... Bd6 25. a6 Nf6 26. Bd3 Rc7 27. h4 $14)
25. a6 Nb6 26. Bd3 Rc7 27. Rhc1 Kd7 (27... Nd5 28. Rxc7 Nxc7 29. d5 Re5 30. Kf1
Rxe3 31. fxe3 exd5 32. Be2 Bd6 33. Bd1 Be5 34. Bxb3 Bxb2 35. Rd1 $18) (27...
Rxc1 28. Rxc1 Rxh2 29. Rc7 Nd5 30. Rxa7 Nxe3 31. Bb5+ Kf8 32. Ra8+ Ke7 33. Re8+
Kf6 34. a7 $18) 28. d5 $1 {[%mdl 32] Very unpleasant moment for the defender.
The aggressor is crashing through the square, that belongs to the best
controlled ones in the Pelletier's camp.} Nxd5 (28... exd5 29. Bb5+ Kc8 30.
Bxb6 $18) (28... Re5 29. dxe6+ (29. f4 Rxe3+ 30. Kxe3 Bc5+ 31. Ke2 Nxd5 32. Ra5
$16) 29... Rxe6 30. Bb5+ Kc8 31. Rxc7+ Kxc7 32. Rc1+ Kd8 33. Rd1+ Ke7 34. Rd3
Re5 35. Rxb3 Rxb5 36. Rxb4 Rxb4 37. Bc5+ Kd7 38. Bxb4 Kc6 39. Bf8 $18) 29.
Rxc7+ Nxc7 30. Bxa7 Ra5 (30... Rxh2 31. Bd4 Bd6 32. a7 Bxg3 33. Rc1 Na8 34. Be4
$18) 31. Rxa5 Bxa5 32. Bd4 f6 (32... Kc6 33. Be4+ Nd5 34. Kd3 f6 35. Kc4 Bc7
36. Kxb3 $18) 33. a7 e5 (33... Kc6 34. Be4+ Kb5 35. f4 Kc4 36. Be3 $18) 34. Be3
f5 35. Bc4 {The bishop's pair, advanced passed pawn on a7, weaknesses b3, g7
and g6 are all arguments for Sasikiran's easy win.} (35. Bb5+ Kd6 36. Ba4 Na8
37. Bxb3 Bb6 38. Bf7 $18) 35... Kc6 (35... g5 36. Bxb3 f4 37. Bc5 Kc6 38. Bf8
g6 39. gxf4 gxf4 40. Bc2 $18) 36. Bxb3 Bb6 (36... Kb7 37. Bf7 g5 38. Bg6 Ne6
39. Kd3 Nd4 40. f4 gxf4 41. gxf4 Nc6 42. Bxf5 exf4 43. Bxf4 Kxa7 44. h4 $18)
37. Bd5+ $1 Kxd5 (37... Kb5 38. a8=Q Nxa8 39. Bxa8 $18) 38. Bxb6 Na8 39. Bd8
Kc4 40. Be7 Kb3 41. Bf8 1-0